| 000 | 00000nam##2200000za#4500 |
| 001 | 9.569650 |
| 003 | CaOODSP |
| 005 | 20210624181853 |
| 007 | cr ||||||||||| |
| 008 | 150406|2004||||xxc|||||o f|0| 0 eng|d |
| 040 | |aCaOODSP|beng |
| 043 | |an-cn--- |
| 086 | 1 |aNH18-1/327-2004E-PDF |
| 110 | 2 |aCanada Mortgage and Housing Corporation. |
| 245 | 12|aA review of training and delivery options concerning Aboriginal housing |h[electronic resource] |
| 246 | 3 |aExamen des options pour la formation des autochtones dans le domaine de l'habitation |
| 260 | |aOttawa - Ontario : |bCanada Mortgage and Housing Corporation |c2004. |
| 300 | |a90p.|btables |
| 490 | 1 |aResearch report |
| 500 | |aIncludes: Research highlight (Socio-economic series 04-033) under the same title. Y compris : Le point en recherche (Série socio-économique 04-033) sous le titre « Examen des options pour la formation des autochtones dans le domaine de l'habitation ». |
| 546 | |a(Comprend du texte en français.) |
| 590 | |a11-26-Supp|b2011-11-03 |
| 830 | #0|aResearch report (Canada Mortgage and Housing Corporation : Online)|w(CaOODSP)9.506068 |
| 856 | 40|ahttp://publications.gc.ca|qPDF|s1.13 MB|uhttps://publications.gc.ca/collections/collection_2011/schl-cmhc/nh18-1/NH18-1-327-2004-eng.pdf |